Manual para la evaluación biológica de ambientes acuáticos en microcuencas ganaderas (Registro nro. 3532)

Detalles MARC
000 -CABECERA
Campo de control 00811nam a2200229 a 4500
005 - FECHA Y HORA DE LA ULTIMA TRANSACCION
Campo de control 20160728134135.0
008 - ELEMENTOS DE LONGITUD FIJA—INFORMACION GENERAL
Campo de control 140311b2003 ck ||||| |||| 00| 0 spa d
020 ## - ISBN
ISBN 9589386385
040 ## - FUENTE DE CATALOGACIÓN
Agencia catalogadora original CO-BoIAVH
Agencia transcriptora CO-BoIAVH
041 ## - IDIOMA
Código de idioma para texto/pista de sonido o título separado Español
044 ## - PAÍS DE PUBLICACIÓN
País de publicación Colombia
082 14 - NUMERO DE CLASIFICACION DECIMAL DEWEY
Número de clasificación 592.177
Número del ítem C46m
100 1# - ASIENTO PRINCIPAL--NOMBRE PERSONAL
Nombre personal Chará O., Julián
Término relacionado autor
9 (RLIN) 1488
245 10 - MENCION DE TITULO
Título Manual para la evaluación biológica de ambientes acuáticos en microcuencas ganaderas
260 ## - PUBLICACION, DISTRIBUCION, ETC. (PIE DE IMPRENTA)
Lugar de publicación, distribución, etc. Cali:
Nombre del editor, distribuidor, etc. Fundación Centro para la Investigación en Sistemas de Producción Agropecuaria,
Fecha de publicación, distribución, etc. 2003.
300 ## - DESCRIPCION FISICA
Extensión 78 páginas.
650 1# - ASIENTO SECUNDARIO DE MATERIA - TERMINO TEMATICO
Término temático o nombre geográfico como elemento de entrada Evaluación ambiental
9 (RLIN) 73616
650 1# - ASIENTO SECUNDARIO DE MATERIA - TERMINO TEMATICO
Término temático o nombre geográfico como elemento de entrada Ecosistemas acuáticos
Subdivisión general Manuales metodológicos
9 (RLIN) 73617
650 1# - ASIENTO SECUNDARIO DE MATERIA - TERMINO TEMATICO
Término temático o nombre geográfico como elemento de entrada Sistemas silvopastoriles
9 (RLIN) 10301
650 1# - ASIENTO SECUNDARIO DE MATERIA - TERMINO TEMATICO
Término temático o nombre geográfico como elemento de entrada Microcuencas
Subdivisión general Métodos analíticos
9 (RLIN) 73618
942 ## - ELEMENTOS ADICIONALES (KOHA)
Tipo de ítem Libro
Sistema de clasificación Dewey Decimal Classification
Existencias
Withdrawn status Lost status Sistema de Clasificación Damaged status No para préstamo Colección Inventariado Ubicación Permanente Ubicación actual Fecha de adquisición Fuente de Valor Valor Total Checkouts Número topográfico Inventario / Código de Barras Date last seen Ejemplar Price effective from Forma de adquisición Tipo de material
    Dewey Decimal Classification     General Inventariado 2017 Bogotá Bogotá 06/02/2004 Instituto 15000.00   LB-592.177 C46m 015112 04/12/2012 Ej. 1 04/12/2012 Donación Libro
    Dewey Decimal Classification     General Inventariado 2017 Sala Fabio Quevedo Sala Fabio Quevedo 17/08/2007 Instituto 15000.00   LB-592.177 C46m 025063 04/12/2012 Ej. 2 04/12/2012 Donación Libro